000 00479nam a2200193Ia 4500
008 151119s9999||||xx |||||||||||||| ||und||
082 _a891.463
082 _bGKKV22091
100 _aभेंडे सुभाष
245 _aअदेशी
260 _a--
260 _b--
260 _c0
600 _aभेंडे सुभाष
630 _aअदेशी
700 _aभेंडे सुभाष
730 _aअदेशी
942 _cBOOK
999 _c1074845
_d1074842